000 00574nam a2200229Ia 4500
003 OSt
005 20220924142320.0
006 a|||||r|||| 00| 0
007 ta
008 220923b |||||||| |||| 00| 0 ben d
024 _a301442
037 _cTextual
040 _aARTS
_cARTS
_bben
041 _2ben
_aben
082 _aY:351.262, w157L8.1
100 _aBhowmik N.
_9213204
245 0 _aBangla chhadar bhumika
260 _c1978
650 _aSOCIOLOGY
942 _hY:351.262, w157L8.1
_cTEXL
_2CC
999 _c450261
_d450261